000 00373cam a22001217a 4500
008 180718b-- xxu||||| |||| 00| 0 eng d
082 _aA45:T19 DONER
100 _aIndia. Ministry of Development of North Eastern Region
245 _aAnnual report
260 _aNew Delhi
_bThe author
_c--
500 _aLibrary has 2001/02-2009/10
650 _aNorth East - Economic conditions
999 _c484449
_d484449